000
00313nam a2200121Ia 4500
005
20251222144842.0
008
251222s9999||||xx |||||||||||||| ||spa||
082
_a
170/G51S
100
_a
Luigi Giussani
245
0
_a
Si no fuera tuyo, Cristo mío, me sentiría criatura finita
264
_b
Huellas
942
_c
LIB
999
_c
21250
_d
21250